PROSTHODONTICS :TREATMENT FOR EDENTULOUS PATIENTS (Record no. 4873)

MARC details
000 -LEADER
fixed length control field 00349nam a2200133Ia 4500
008 - FIXED-LENGTH DATA ELEMENTS--GENERAL INFORMATION
fixed length control field 150201s2014 xx 000 0 und d
082 ## - DEWEY DECIMAL CLASSIFICATION NUMBER
Classification number 617.692
Item number P2013Z
100 ## - MAIN ENTRY--PERSONAL NAME
Personal name ZARB ,GEORGE
245 ## - TITLE STATEMENT
Title PROSTHODONTICS :TREATMENT FOR EDENTULOUS PATIENTS
250 ## - EDITION STATEMENT
Edition statement 12TH
260 ## - PUBLICATION, DISTRIBUTION, ETC. (IMPRINT)
Name of publisher, distributor, etc. ELSEVIER PUBLICATION
650 ## - SUBJECT ADDED ENTRY--TOPICAL TERM
Topical term or geographic name as entry element PROSTHODONTICS
942 ## - ADDED ENTRY ELEMENTS (KOHA)
Source of classification or shelving scheme Dewey Decimal Classification
Koha item type Books
Koha issues (borrowed), all copies 3
Holdings
Withdrawn status Lost status Source of classification or shelving scheme Damaged status Not for loan Home library Current library Date acquired Serial Enumeration / chronology SGTU Total Checkouts Full call number Barcode Date last seen Date last checked out Bill Date Koha item type
    Dewey Decimal Classification     SGT Dental Library SGT Dental Library 07/11/2014 1 SGTU 3 617.692 P2013Z FD7071 22/05/2025 22/05/2025 09/02/2015 Books
    Dewey Decimal Classification     SGT Dental Library SGT Dental Library 07/11/2014 1 SGTU 1 617.692 P2013Z FD7072 18/12/2024 18/12/2024 09/02/2015 Books
    Dewey Decimal Classification     SGT Dental Library SGT Dental Library 07/11/2014 1 SGTU 2 617.692 P2013Z FD7073 14/12/2021 13/12/2021 09/02/2015 Books